| Tag |
First Indicator |
Second Indicator |
Subfields |
| LEADER |
00000cam a2200000 a 4500 |
| 001 |
in00000019973 |
| 005 |
20151007053801.0 |
| 008 |
870601s1987 maua j 00011 eng |
| 010 |
|
|
|a 87003144
|
| 020 |
|
|
|a 0395425069
|
| 035 |
|
|
|a (OCoLC)16087830
|
| 035 |
|
|
|9 AAB2803AM
|
| 040 |
|
|
|a DLC
|c DLC
|d TXA
|d UtOrBLW
|
| 049 |
|
|
|a [Curr Col] TXAM
|c [A11059302]
|
| 050 |
0 |
0 |
|a PZ7.L9673
|b Aq 1987
|
| 082 |
0 |
|
|a [Fic]
|2 19
|
| 100 |
1 |
|
|a Lowry, Lois.
|
| 245 |
1 |
0 |
|a Anastasia's chosen career /
|c Lois Lowry.
|
| 264 |
|
1 |
|a Boston :
|b Houghton Mifflin,
|c 1987.
|
| 300 |
|
|
|a 142 pages :
|b illustrations ;
|c 22 cm.
|
| 336 |
|
|
|a text
|b txt
|2 rdacontent
|
| 337 |
|
|
|a unmediated
|b n
|2 rdamedia
|
| 338 |
|
|
|a volume
|b nc
|2 rdacarrier
|
| 520 |
|
|
|a Thirteen-year-old Anastasia acquires poise and self-confidence, a new friend, and advice on becoming a bookstore owner when she commutes to Boston to take a modeling course.
|
| 650 |
|
1 |
|a Self-perception
|x Fiction.
|
| 650 |
|
1 |
|a Friendship
|x Fiction.
|
| 651 |
|
1 |
|a Boston (Mass.)
|x Fiction.
|
| 999 |
|
|
|a MARS
|
| 999 |
f |
f |
|s 0cc3b29f-ee99-3f0e-868b-c8a1f8cc3f51
|i 1a58914e-74df-3d3b-81ed-8ac87077819c
|t 0
|
| 952 |
f |
f |
|p ric
|a Texas A&M University
|b Rellis Campus
|c Joint Library Facility
|d Remote Storage
|t 0
|e PZ7.L9673 Aq 1987
|h Library of Congress classification
|i unmediated -- volume
|m A14811059302
|
| 998 |
f |
f |
|a PZ7.L9673 Aq 1987
|t 0
|l Remote Storage
|